|
|
|
|
| LEADER |
00753cam a2200193 7i4500 |
| 001 |
0000050020 |
| 005 |
20200219090000.0 |
| 020 |
|
|
|a 9789830423067 (pbk.)
|
| 090 |
0 |
0 |
|a BP163
|b .A24 2007
|
| 100 |
0 |
|
|a Abdullah Ahmad Badawi,
|c Tun
|
| 245 |
1 |
0 |
|a Islam Hadhari approach :
|b towards a progressive Islamic civilisation
|c selected speeches by: Dato' Seri Abdullah Ahmad Badawi.
|
| 260 |
|
|
|a Putrajaya:
|b Jabatan Kemajuan Islam Malaysia,
|c 2007.
|
| 300 |
|
|
|a xviii, 308 p.;
|c 21 cm.
|
| 500 |
|
|
|a Gift: Prof. Dr. Mohd Nor bin Nawawi
|
| 650 |
0 |
0 |
|a Civilization, Islamic
|
| 650 |
0 |
0 |
|a Speeches, addresses, etc
|
| 650 |
0 |
0 |
|a Islam and state --
|z Malaysia
|
| 650 |
0 |
0 |
|a Islam --
|x Doctrines
|
| 999 |
|
|
|a 0000069052
|b BOK
|c GOVERNMENT PUBLICATION
|e Ground Floor, Bestari Jaya
|